Dějiny matematiky I /

Hlavní autor: Folta, Jaroslav, 1933-2011
Jazyk: Čeština
Vydáno: Praha : Národní technické muzeum, 2004
Edice: Práce z dějin techniky a přírodních věd
Témata:
Externí odkaz: Digitalizovaný dokument
Fyzický popis: 145 s. : il. ; 21 cm
Knihy
Uloženo v:
LEADER 01360nam a2200349 a 4500
001 000755249
003 CZ BrMZK
005 20100623070047.0
007 ta
008 041214s2004 xr a erp 000 0 cze d
015 |a cnb001489817 
020 |a 80-239-4031-7  |q (brož.) 
040 |a BOA001  |b cze 
072 7 |a 51  |x Matematika  |2 Konspekt  |9 13 
072 7 |a 37.016  |x Učební osnovy. Vyučovací předměty. Učebnice  |2 Konspekt  |9 22 
080 |a 51(091)  |2 MRF 
080 |a (075.8)  |2 MRF 
100 1 |a Folta, Jaroslav,  |d 1933-2011  |7 jk01031530  |4 aut 
245 1 0 |a Dějiny matematiky I /  |c Jaroslav Folta 
260 |a Praha :  |b Národní technické muzeum,  |c 2004 
300 |a 145 s. :  |b il. ;  |c 21 cm 
490 1 |a Práce z dějin techniky a přírodních věd ;  |v sv. 3 
504 |a Obsahuje bibliografie 
500 |a Dostupné též v digitální podobě v aplikaci Kramerius 
650 0 7 |a matematika  |7 ph117231  |x dějiny  |2 czenas 
655 7 |a učebnice vysokých škol  |7 fd133772  |2 czenas 
830 0 |a Práce z dějin techniky a přírodních věd  |0 s 
856 4 1 |u http://www.digitalniknihovna.cz/mzk/uuid/uuid:c988af00-6819-11e9-9d6e-005056827e51  |y Digitalizovaný dokument  |x NDK 
910 |a BOA001  |b 2-1142.805 
990 |a BK 
991 |b 200501  |c NOV 
996 6 |b 2610236356  |c 2-1142.805  |l MZK  |r Sklad / do 1 hodiny  |n 13  |p p.v.  |w 000755249  |u 000010  |a 1  |e BOA001  |j MZK50  |s P